Biggest Spanish Speaking Cities (Extreme) - Statistics

General Stats
  • This quiz has been taken 124 times
    76 since last reset
  • The average score is 140 of 483
Answer Stats
Population Country City % Correct
14,172,928 Argentina Buenos Aires
97%
12,424,511 Mexico Mexico City
97%
7,674,366 Colombia Bogotá
95%
2,946,000 Venezuela Caracas
95%
7,737,002 Peru Lima
95%
3,227,204 Spain Madrid
95%
4,879,379 Chile Santiago
95%
1,310,122 Dominican Rep. Santiago de los Caballeros
95%
803,214 Mexico Santiago de Querétaro
95%
2,143,000 Cuba Havana
94%
2,224,181 Dominican Rep. Santo Domingo
94%
1,621,537 Spain Barcelona
92%
424,795 Venezuela Barcelona
92%
1,555,509 Mexico Guadalajara
92%
1,072,736 Guatemala Guatemala City
90%
920,321 Bolivia La Paz
90%
252,792 Mexico La Paz
90%
1,399,814 Ecuador Quito
90%
2,043,412 Colombia Medellín
89%
1,284,126 Uruguay Montevideo
89%
1,482,200 Paraguay Asunción
87%
1,829,838 Mexico Tijuana
86%
1,385,083 Venezuela Valencia
86%
814,208 Spain Valencia
86%
2,524,914 Colombia Cali
84%
1,428,214 Argentina Córdoba
84%
328,428 Spain Córdoba
84%
244,982 Mexico Córdoba
84%
1,110,732 Nicaragua Managua
84%
1,461,887 Bolivia Santa Cruz de la Sierra
84%
222,417 Spain Santa Cruz de Tenerife
84%
354,860 Spain Bilbao
83%
898,218 Mexico Cancún
83%
1,181,610 Mexico Monterrey
83%
350,703 Costa Rica San José
83%
447,048 Argentina San Juan
83%
418,140 Puerto Rico (US) San Juan
83%
153,251 Guatemala San Juan Sacatepéquez
83%
321,068 Peru Cusco
81%
1739444 Mexico León
81%
164,983 Nicaragua León
81%
134,305 Spain León
81%
703,206 Spain Sevilla
81%
1,016,467 Honduras Tegucigalpa
81%
1,952,029 Ecuador Guayaquil
79%
1,710,118 Mexico Puebla
79%
305,891 Argentina San Salvador de Jujuy
79%
1,517,467 Mexico Ciudad Juárez
78%
292,742 Mexico Juárez
78%
674,317 Spain Zaragoza
78%
1,380,425 Colombia Barranquilla
76%
435,096 Panama Panama City
76%
542,292 El Salvador San Salvador
76%
983,204 Colombia Cartagena
75%
211,996 Spain Cartagena
75%
234,325 Spain Granada
75%
2,225,000 Venezuela Maracaibo
75%
950,643 Mexico Mérida
75%
568,305 Spain Málaga
73%
1,173,533 Argentina Rosario
73%
261,707 Bolivia Sucre
71%
915,888 Mexico Chihuahua
70%
144,431 Mexico San Pedro Garza García
70%
436,870 Spain Murcia
68%
623,063 Mexico Heroica Veracruz
67%
2,852,171 Mexico San Luis Potosí
67%
841,130 Peru Arequipa
65%
1,065,875 Mexico Mexicali
65%
323,034 Mexico Oaxaca de Juárez
65%
401,270 Spain Palma de Mallorca
65%
334,757 Spain Alicante
63%
876,884 Argentina Mendoza
63%
317,864 Spain Valladolid
63%
1,708,204 Mexico Ecatepec de Morelos
62%
198,491 Spain Pamplona
62%
756,057 Mexico Acapulco
60%
246,056 Spain A Coruña
60%
183,982 Argentina San Luis
60%
185,357 Spain San Sebastián
60%
920,260 Mexico Toluca
60%
297,332 Spain Vigo
60%
126,766 Spain Cádiz
59%
1,754,256 Venezuela Maracay
59%
1,398,265 Mexico Aguascalientes
57%
189,572 Argentina San Miguel
57%
168,604 El Salvador San Miguel
57%
164,400 Peru San Miguel
57%
781,023 Argentina San Miguel de Tucumán
57%
1,019,526 Bolivia Cochabamba
56%
292,406 Chile Valparaíso
56%
219,177 Chile Concepción
54%
112,018 Colombia Girón
52%
848,584 Peru Trujillo
52%
277,554 Spain Gijón
51%
381,847 Spain Las Palmas de Gran Canaria
49%
489,505 Argentina Santa Fe
49%
694,167 Argentina La Plata
48%
276,315 Mexico Salamanca
48%
155,619 Spain Salamanca
48%
512,686 Argentina Salta
48%
557,055 Honduras San Pedro Sula
48%
182,700 Spain Santander
48%
140,323 Spain Tarragona
48%
581,006 Colombia Bucaramanga
46%
865,275 Mexico Hermosillo
46%
224,005 Spain Oviedo
46%
188,810 Spain Almería
44%
235,769 Ecuador Durán
44%
697,646 Mexico Durango
44%
230,112 Spain Elche
44%
180,747 Spain Getafe
44%
257,038 Spain L'Hospitalet de Llobregat
44%
332,064 Chile Antofagasta
43%
148,806 Spain Huelva
43%
207,532 Spain Jerez de la Frontera
43%
735,340 Mexico Torreón
43%
235,661 Spain Vitoria-Gasteiz
43%
178,966 Spain Burgos
40%
247,493 Mexico Campeche
40%
180,005 Spain Castelló de la Plana
40%
787,728 Venezuela Ciudad Guayana
40%
353,893 Mexico Cuernavaca
40%
697,491 Mexico Culiacán
40%
135,919 Spain Lleida
40%
584,966 Mexico Tuxtla Gutiérrez
40%
148,334 Spain Badajoz
38%
219,547 Spain Badalona
38%
673,124 Mexico Reynosa
38%
860,277 Mexico Saltillo
38%
304,936 Chile Viña del Mar
38%
153,266 Peru Cajamarca
37%
1,052,196 Peru Callao
37%
338,000 Venezuela Ciudad Bolivar
37%
285,616 Ecuador Cuenca
37%
241,604 Cuba Guantánamo
37%
496,832 Peru Iquitos
37%
116,557 Spain Jaén
37%
134,623 Spain Marbella
37%
553,935 Argentina Mar del Plata
37%
246,583 Venezuela San Cristóbal
37%
137,422 Dominican Rep. San Cristóbal
37%
150,661 Spain San Cristóbal de La Laguna
37%
177,461 Mexico San Cristóbal del as Casas
37%
445,922 Colombia Santa Marta
37%
737,064 Colombia Cúcuta
35%
193,586 Spain Fuenlabrada
35%
492,353 Mexico Mazatlán
35%
247,384 Mexico Nogales
35%
369,503 Peru Piura
35%
107,118 Spain Reus
35%
183,999 El Salvador Santa Ana
35%
397,060 Mexico Villahermosa
35%
595,981 Mexico Xalapa
35%
145,473 Mexico Zacatecas City
35%
169,716 Spain Albacete
33%
201,080 Chile Arica
33%
347,562 Cuba Camagüey
33%
170,820 Mexico Chetumal
33%
1,247,143 Mexico Ciudad Nezahualcóyotl
33%
148,523 Mexico Colima
33%
233,489 Chile Iquique
33%
188,425 Spain Leganés
33%
172,769 Equatorial Guinea Malabo
33%
419,686 Mexico Nuevo Laredo
33%
107,742 Spain Ourense
33%
152,634 Puerto Rico (US) Ponce
33%
125,856 Chile Punta Arenas
33%
206,493 Spain Sabadell
33%
373,799 Mexico Tepic
33%
210,941 Spain Terrassa
33%
118,162 Spain Torrejón de Ardoz
33%
276,546 Argentina Bahía Blanca
32%
140,850 Argentina Comodoro Rivadavia
32%
280,243 Peru Ica
32%
548,537 Mexico Matamoros
32%
207,095 Spain Móstoles
32%
242,092 Argentina Neuquén
32%
272,925 Colombia Popayán
32%
149,290 Bolivia Potosí
32%
165,697 Chile Puerto Montt
32%
593,889 Peru Chiclayo
30%
288,756 Mexico Ensenada
30%
165,609 Chile La Serena
30%
152,107 Spain Logroño
30%
134,655 Argentina Lomas de Zamora
30%
130,982 Chile Los Ángeles
30%
288,171 Mexico Los Mochis
30%
121,588 Peru Puno
30%
111,424 Argentina Santa Rosa
30%
1,037,373 Mexico Zapopan
30%
243,392 Equatorial Guinea Bata
29%
454,807 Mexico Ciudad Obregón
29%
342,683 Mexico Ciudad Victoria
29%
122,943 Spain Dos Hermanas
29%
332,647 Cuba Holguín
29%
427,620 Peru Huancayo
29%
121,722 Spain Mataró
29%
236,290 Bolivia Oruro
29%
449,676 Colombia Pereira
29%
156,638 Guatemala Quetzaltenango
29%
246,457 Cuba Santa Clara
29%
334,952 Mexico Tampico
29%
144,237 Chile Valdivia
29%
175,784 Cuba Cienfuegos
27%
332,962 Paraguay Ciudad del Este
27%
195,227 Venezuela Coro
27%
555,865 Cuba Santiago de Cuba
27%
211,649 Chile Talca
27%
108,411 Argentina Trelew
27%
119,804 Argentina Bariloche
25%
162,620 Argentina La Rioja
25%
273,341 Mexico Pachuca
25%
394,755 Colombia Pasto
25%
387,158 Argentina Resistencia
25%
313,544 Peru Tacna
25%
306,905 Mexico Texcoco de Mora
25%
169,502 Spain Alcorcón
24%
515,104 Mexico Celaya
24%
340,033 Mexico Coatzacoalcos
24%
138,557 Chile Copiapó
24%
377,558 Colombia Manizales
24%
936,318 Mexico Naucalpan de Juárez
24%
325,245 Colombia Valledupar
24%
107,514 Spain Alcobendas
22%
305,264 Colombia Armenia
22%
248,260 Colombia Buenaventura
22%
339,067 Argentina Corrientes
22%
116,601 Honduras El Progreso
22%
430,843 Colombia Ibagué
22%
427,789 Mexico Irapuato
22%
183,166 Ecuador Manta
22%
161,547 Mexico Manzanillo
22%
129,489 Cuba Manzanillo
22%
287,452 Colombia Montería
22%
100,000 Uruguay Salto
22%
185,386 Bolivia Tarija
22%
255,216 Chile Temuco
22%
799,221 Mexico Tlalnepantla de Baz
22%
204,574 Spain Alcalá de Henares
21%
116,209 Spain Algeciras
21%
200,818 Venezuela Cabimas
21%
146,851 Chile Calama
21%
188,812 Argentina Catamarca
21%
141,837 Colombia Chía
21%
210,279 Mexico Chilpancingo
21%
105,135 Chile Curicó
21%
221,383 Argentina Formosa
21%
819,090 Mexico Guadalupe
21%
278,916 Peru Juliaca
21%
198,123 Ecuador Machala
21%
319,934 Argentina Morón
21%
352,796 Peru Pucallpa
21%
230,000 Argentina Quilmes
21%
342,556 Colombia Soledad
21%
121,327 Colombia Tunja
21%
360,568 Mexico Uruapan
21%
343,135 Colombia Villavicencio
21%
154,369 Ecuador Ambato
19%
353,442 Venezuela Barinas
19%
202,282 Colombia Barrancabermeja
19%
335,357 Peru Chimbote
19%
246,200 Mexico Monclova
19%
364,411 Colombia Neiva
19%
256,108 Colombia Palmira
19%
174,279 Mexico Piedras Negras
19%
153,757 Argentina Río Cuarto
19%
359,860 Mexico Tapachula
19%
690,019 Mexico Chimalhuacán
17%
165,564 Chile Coquimbo
17%
182,558 Venezuela Cúa
17%
191,903 Venezuela Guatire
17%
169,432 Dominican Rep. La Romana
17%
145,990 Cuba Matanzas
17%
410,972 Venezuela Maturin
17%
262,295 Argentina Paraná
17%
510,417 Chile Puente Alto
17%
275,599 Colombia Sincelejo
17%
308,714 Mexico Tehuacán
17%
248,716 Mexico Tehuacán
17%
157,714 Mexico Delicias
16%
150,999 Venezuela El Tigre
16%
126,989 Mexico Guaymas
16%
134,498 Honduras La Ceiba
16%
491,228 Guatemala Mixco
16%
323,739 Argentina Posadas
16%
206,583 Mexico Poza Rica
16%
108,219 Argentina Río Gallegos
16%
182,545 Peru Sullana
16%
646,772 Mexico Tlaquepaque
16%
143,364 Mexico Atlixco
14%
207,375 Cuba Bayamo
14%
210,470 Mexico Ciudad Acuña
14%
190,307 Mexico Ciudad del Carmen
14%
145,210 Argentina Concordia
14%
368,321 Mexico Gómez Palacio
14%
399,804 Mexico Minatitlán
14%
329,419 Dominican Rep. Puerto Plata
14%
109,778 Argentina Rafaela
14%
160,401 Mexico San Martín Texmelucan
14%
127,742 Argentina San Nicolás de los Arroyos
14%
564,377 Mexico San Nicolás de los Garza
14%
130,696 Colombia Sogamoso
14%
392,939 Colombia Bello
13%
107,801 Colombia Ciénaga
13%
257,783 Venezuela Cumaná
13%
257,783 Venezuela Cumana
13%
165,216 Ecuador Esmeraldas
13%
408,132 Mexico General Escobedo
13%
172,733 Mexico Lagos de Moreno
13%
148,518 Nicaragua Masaya
13%
370,000 Venezuela Puerto La Cruz
13%
109,255 Mexico Río Bravo
13%
233,609 Paraguay San Lorenzo
13%
121,868 Argentina Zarate
13%
587,734 Mexico Apodaca
11%
221,308 Puerto Rico (US) Bayamón
11%
140,836 Nicaragua Chinandega
11%
131,271 Mexico Fresnillo
11%
297,405 Colombia Itagüí
11%
117,796 Ecuador Loja
11%
194,354 Mexico Metepec
11%
138,825 Mexico Orizaba
11%
115,611 Spain Parla
11%
102,667 Mexico Parral
11%
226,517 Argentina Pilar
11%
308,174 Mexico Playa del Carmen
11%
229,940 Chile Rancagua
11%
256,436 Chile San Bernardo
11%
130,536 El Salvador Santa Tecla
11%
354,692 Argentina Santiago del Estero
11%
271,120 Chile Talcahuano
11%
104,325 Argentina Tandil
11%
124,001 Peru Tumbes
11%
422,436 Guatemala Villa Nueva
11%
119,033 Venezuela Cagua
10%
154,356 Chile Chillán
10%
190,489 Mexico Ciudad Valles
10%
219,395 Colombia Envigado
10%
260,529 Colombia Floridablanca
10%
140,617 Venezuela Los Teques
10%
118,347 Argentina Luján
10%
220,786 Venezuela San Felipe
10%
109,163 Argentina San Rafael
10%
119,717 Spain Santa Coloma de Gramenet
10%
101,792 Spain Torrevieja
10%
379,409 Argentina Avellaneda
8%
117,619 Cuba Cárdenas
8%
137,903 Colombia Cartago
8%
296,353 Mexico Coacalco de Berriozábal
8%
132,977 Ecuador Ibarra
8%
234,893 Argentina Lanús
8%
123,253 Argentina Olavarría
8%
139,348 Chile Osorno
8%
109,931 Argentina Reconquista
8%
130,233 Colombia Riohacha
8%
178,558 Mexico San Luis Río Colorado
8%
167,498 Argentina Berazategui
6%
136,171 Cuba Ciego de Ávila
6%
287,418 Mexico Ciudad Nicolás Romero
6%
128,941 Venezuela Ciudad Ojeda
6%
108,449 Mexico Cuautitlán
6%
159,004 Mexico Cuautla
6%
137,529 Colombia Florencia
6%
125,731 Peru Huaraz
6%
127,381 Colombia Ipiales
6%
129,556 Paraguay Lambaré
6%
104,536 Dominican Rep. La Vega
6%
104,859 Colombia Malambo
6%
167,827 El Salvador Mejicanos
6%
177,127 Mexico Navojoa
6%
100,000 Argentina Necochea
6%
171,350 Cuba Pinar del Río
6%
130,456 Cuba Sancti Spiritus
6%
126,685 Argentina San Justo
6%
353,835 Panama San Miguelito
6%
341,660 El Salvador Soyapango
6%
443,037 Mexico Tonalá
6%
205,295 Colombia Apartadó
5%
269,436 Argentina Banfield
5%
170,404 Puerto Rico (US) Carolina
5%
211,182 Colombia Dosquebradas
5%
197,133 Argentina González Catán
5%
211,399 Argentina Gregorio de Laferrère
5%
158,767 Peru Huánuco
5%
130,677 Mexico Iguala de la Independencia
5%
343,384 Mexico Ixtapaluca
5%
260,698 Argentina José C. Paz
5%
134,617 Colombia Maicao
5%
133,201 Mexico Miramar
5%
116,239 Argentina Pergamino
5%
166,910 Colombia Piedecuesta
5%
174,000 Venezuela Puerto Cabello
5%
131,784 Venezuela Punto Fijo
5%
133,470 Colombia Quibdo
5%
124,478 Ecuador Riobamba
5%
103,502 Dominican Rep. Salvaleón de Higüey
5%
212,752 Mexico San Pablo de las Salinas
5%
307,658 Mexico Santa Catarina
5%
278,890 Venezuela Santa Teresa del Tuy
5%
111,180 Mexico Tecate
5%
100,015 Spain Telde
5%
392,209 Mexico Xico
5%
133,265 Colombia Zipaquirá
5%
143,704 Venezuela Acarigua
3%
203,548 Paraguay Capiatá
3%
112,082 Venezuela Carúpano
3%
106,052 Argentina Caseros
3%
348,270 Mexico Chalco de Díaz Covarrubias
3%
222,836 Mexico Ciudad Madero
3%
109,158 Guatemala Escuintla
3%
177,393 Argentina Ezeiza
3%
123,190 Paraguay Fernando de la Mora
3%
163,806 Mexico García
3%
134,556 Colombia Girardot
3%
112,286 Venezuela Guanare
3%
121,560 Nicaragua Matagalpa
3%
103,355 Colombia Ocaña
3%
133,693 Chile Quilpué
3%
113,738 Bolivia Sacaba
3%
188,118 Dominican Rep. San Francisco de Macorís
3%
201,577 Dominican Rep. San Pedro de Macorís
3%
112,479 Peru Talara
3%
133,769 Argentina Temperley
3%
226,279 Colombia Tumaco
3%
135,215 Venezuela Valera
3%
105,000 Chile Villa Alemana
3%
131,409 Colombia Yumbo
3%
117,596 Venezuela Anaco
2%
117,412 El Salvador Apopa
2%
155,036 Mexico Boca del Río
2%
231,425 Mexico Buenavista
2%
117,132 Venezuela Calabozo
2%
104,445 Argentina Campana
2%
173,788 Peru Chincha Alta
2%
174,435 Honduras Choloma
2%
139,887 Mexico Cholula
2%
179,485 Mexico Ciudad Cuauhtémoc
2%
549,317 Mexico Ciudad López Mateos
2%
116,496 Chile Coronel
2%
565,692 Mexico Cuautitlán Izcalli
2%
128,038 Colombia Duitama
2%
144,841 Colombia Facatativá
2%
143,479 Colombia Fusagasugá
2%
151,752 Venezuela Guacara
2%
181,612 Venezuela Guarenas
2%
186,472 Argentina Ituzaingó
2%
163,742 Mexico Jiutepec
2%
103,598 Colombia Magangué
2%
166,072 Venezuela Ocumare del Tuy
2%
128,875 Venezuela Palo Negro
2%
146,881 Guatemala Petapa
2%
138,658 Colombia Pitalito
2%
170,326 Ecuador Portoviejo
2%
119,436 Ecuador Quevedo
2%
271,423 Mexico San Juan del Río
2%
102,406 Mexico Tepexpan
2%
170,224 Mexico Tulancingo
2%
344,700 Venezuela Turmero
2%
126,881 Guatemala Villa Canales
2%
132,063 Mexico Villa de Álvarez
2%
284,289 Venezuela Alta Barinas
0%
121,869 Colombia Buga
0%
109,456 Argentina Burzaco
0%
106,822 Venezuela Catia La Mar
0%
129,182 Venezuela Charallave
0%
100,000 Mexico Colonia Lindavista
0%
106,915 Venezuela Ejido
0%
148,247 Venezuela El Limón
0%
100,000 Chile Hualpén
0%
107,275 Panamá Juan Díaz
0%
217,490 Chile La Pintana
0%
187,821 Cuba La Tunas
0%
143,468 Venezuela La Victoria
0%
112,774 Chile Lo Prado
0%
105,486 Venezuela Mariara
0%
133,508 Ecuador Milagro
0%
113,706 Cuba Palma Soriano
0%
270,030 Peru Santiago de Surco
0%
200,421 Ecuador Santo Domingo de los Colorados
0%
324,227 Colombia Socha
0%
335,592 Mexico Soledad de Graciano Sánchez
0%
101,810 Mexico Tuxtepec
0%
120,000 Venezuela Yaritagua
0%
No matching quizzes found
Score Distribution
Percent of People with Each Score
Percentile by Number Answered
Your Score History
You have not taken this quiz since the last reset